ARRUPE JESUIT UNIVERSITY

CORONAVIRUS -STOP THE SPREAD - CLEAN,DISINFECT,COVER
Normal view MARC view

Entry Meeting Name

Number of records used in: 1

001 - CONTROL NUMBER

  • control field: 12684

003 - CONTROL NUMBER IDENTIFIER

  • control field: ARRUPE

005 - DATE AND TIME OF LATEST TRANSACTION

  • control field: 20141114130824.0

008 - FIXED-LENGTH DATA ELEMENTS

  • fixed length control field: 141114|| aca||aabn | a|a d

040 ## - CATALOGING SOURCE

  • Original cataloging agency: ARRUPE
  • Transcribing agency: ARRUPE

111 ## - HEADING--MEETING NAME

  • Meeting name or jurisdiction name as entry element: Church-University Conference on World Hunger
  • Date of meeting: (1981 :
  • Location of meeting: Madison, Wis.)

670 ## - SOURCE DATA FOUND

  • Source citation: Work cat.: (ARRUPE)0: Church-University Conference on World Hunger (1981 : Madison, Wis.), To end hunger :, c1983.

 

Arrupe Library. PO Box MP320 Mt Pleasant, Harare, Zimbabwe
263 242 745411|librarian@aju.ac.zw